Regions of the Caribbean on a Map - Statistics

General Stats
  • This quiz has been taken 317 times
  • The average score is 24 of 119
Answers on the Map
Answers color-coded by a green-red scale on the quiz's map according to % correct below.
 
Answer Stats
Regions % Correct
La Habana
83%
Kingston
73%
Distrito Nacional
67%
Santo Domingo
67%
Santiago
56%
Nord
55%
Sud
53%
Guantánamo
50%
Ouest
50%
Port of Spain
46%
Isla de la Juventud
42%
Camagüey
34%
North Andros
33%
South Andros
33%
Santiago de Cuba
32%
Nord-Ouest
31%
Nord-Est
30%
Sud-Est
29%
Central Andros
28%
Holguín
28%
Cienfuegos
27%
Pinar del Río
27%
Centre
25%
Granma
25%
Matanzas
25%
San Juan
25%
San Juan-Laventille
25%
Villa Clara
24%
Artemisa
23%
Cat Island
23%
East Grand Bahama
23%
Ciego de Ávila
22%
City of Freeport
22%
New Providence
22%
West Grand Bahama
22%
Bimini
21%
Manchester
21%
North Abaco
21%
Saint James
21%
Central Abaco
20%
Central Eleuthera
20%
Sancti Spíritus
20%
South Abaco
20%
Mayabeque
19%
North Eleuthera
19%
Portland
19%
Saint Ann
19%
San José de Ocoa
19%
Las Tunas
18%
Puerto Plata
18%
Saint Mary
18%
Saint Thomas
18%
San Salvador
18%
South Eleuthera
18%
Clarendon
17%
Nippes
17%
Saint Andrew
17%
Saint Catherine
17%
Trelawny
17%
Acklins
16%
Artibonite
16%
Independencia
16%
Long Island
16%
Inagua
15%
Saint Elizabeth
15%
Berry Islands
14%
Crooked Island
14%
Exuma
14%
Mangrove Cay
14%
Ragged Island
14%
Rum Cay
14%
Samaná
14%
San Cristóbal
14%
San Pedro de Macorís
14%
Spanish Wells
14%
Westmoreland
14%
Barahona
13%
Black Point
13%
Elías Piña
13%
Grand'Anse
13%
Hato Mayor
13%
La Vega
13%
Mayaguana
13%
Monte Cristi
13%
Azua
12%
Dajabón
12%
Duarte
12%
Grand Cay
12%
Hanover
12%
La Altagracia
12%
Monte Plata
12%
Pedernales
12%
Santiago Rodríguez
12%
Valverde
12%
Baoruco
11%
Espaillat
11%
Harbour Island
11%
Hermanas Mirabal
11%
Hope Town
11%
María Trinidad Sánchez
11%
Monseñor Nouel
11%
Peravia
11%
Sánchez Ramírez
11%
Chaguanas
10%
Diego Martin
10%
El Seibo
10%
Green Turtle Cay
10%
Moore's Island
10%
San Fernando
10%
Princes Town
9%
Couva-Tabaquite-Talparo
8%
Penal-Debe
8%
Point Fortin
8%
Sangre Grande
8%
Siparia
8%
Tunapuna-Piarco
7%
Arima
6%
La Ramona
3%
Rio Claro-Mayaro
3%
No matching quizzes found
Score Distribution
Percent of People with Each Score
Percentile by Number Answered
Your Score History
You have not taken this quiz